000 00562nam a2200193Ia 4500
005 20250923145432.0
008 008 250917s9999 xx 000 0 eng d
037 _aTextual
040 _aDSWL
_beng
_cDSWL
041 _aeng
_2eng
084 _aY:7:7x1,72, N77
_qDSWL
245 0 _aSelected works of Raja Ram Mohan Roy
_cby Publication Division
260 _aNew Delhi
_b Publication Division
_c1977
300 _a332 p.
365 _aINR
_b13.5
925 _g13.5
942 _cTEXL
_hY:7:7x1,72, N77
999 _c1451323
_d1451323